Normal view
MARC view
- कासखेडीकर एन
Entry Personal Name
001 - CONTROL NUMBER
- control field: 216675
003 - CONTROL NUMBER IDENTIFIER
- control field: OSt
005 - DATE AND TIME OF LATEST TRANSACTION
- control field: 20260206170228.0
008 - FIXED-LENGTH DATA ELEMENTS
- fixed length control field: 260206|| aca||aabn | a|a d
040 ## - CATALOGING SOURCE
- Original cataloging agency: OSt
- Transcribing agency: OSt
100 ## - HEADING--PERSONAL NAME
- Personal name: कासखेडीकर एन
670 ## - SOURCE DATA FOUND
- Source citation: Work cat.: (OSt)370080: कासखेडीकर एन. , स्वातंत्र्यलढ्यातील राष्ट्रीय पत्रकारिता, 2022